000
00328nam a22001457a 4500
008
210603b ||||| |||| 00| 0 eng d
020
_a
9780130873040
041
_a
eng
080
_2
9th
_a
510
082
_a
510
100
_a
36
101
_a
MAT
245
_a
Calculus and Its Applications
_c
Goldstein,L.J
942
_2
udc
_c
BK
999
_c
57940
_d
57940